000 01556cab a2200277 4500
001 X95889
008 090401t1998 xxu||||| |||| 00| 0 eng d
035 _a(Sirsi) u90517
041 _aeng
245 _aWaverley BC and (A) Kingston Estates Ltd & G Davis Esq and (B) Surrey Counties (Sutton) Ltd
260 _c1998
350 _a0
490 _aPlanning Appeal Decisions
_v[1998] PAD 13 666-673(8)
520 _aInquiry 30 June 1998. Decision letters 22 July 1998. Outline applications - 13 dwellings - nine houses - demolition of existing buildings - former walking stick factory - structure and local plans - green belt - AONB - AGLV - PPGs 2 and 7 - sites 0.35 ha and 0.26 ha - whether unacceptable loss of industrial and commercial premises - whether any very special circumstances to outweigh presumption against green belt development - established B2 industrial use rights - not economically viable as such - possible commercial use of sites - residential development nearby - conditions. Costs - Council`s failure to demonstrate substantial and sustainable ground for refusing Site A was unreasonable - costs awarded. Headnote from journal.
650 _aAGLV
650 _aAONB
650 _aCOMMERCIAL LAND
650 _aGREEN BELT DEVELOPMENT
650 _aINDUSTRIAL LAND
650 _aPLANNING POLICY GUIDANCE NOTE 2 (GREEN BELTS)
650 _aPPG7
650 _aWAVERLEY BC AND (A) KINGSTON ESTATES LTD & G DAVIS ESQ AND (B) SURREY
690 _aPLANNING LAW AND PRACTICE-CASE LAW
942 _n0
948 _c05/01/1999
999 _c57397
_d57397